Linux For You (2004 - (Record no. 215424)
[ view plain ]
| 000 -LEADER | |
|---|---|
| fixed length control field | 00611nam a2200157Ia 4500 |
| 008 - FIXED-LENGTH DATA ELEMENTS--GENERAL INFORMATION | |
| fixed length control field | 231221s9999 xx 000 0 und d |
| 022 ## - INTERNATIONAL STANDARD SERIAL NUMBER | |
| International Standard Serial Number | 0974-1054 |
| 041 ## - LANGUAGE CODE | |
| Language code of text/sound track or separate title | English |
| 245 #0 - TITLE STATEMENT | |
| Title | Linux For You (2004 - |
| 260 ## - PUBLICATION, DISTRIBUTION, ETC. | |
| Date of publication, distribution, etc. | Oct, 2012 |
| Name of publisher, distributor, etc. | EFYGroup |
| 300 ## - PHYSICAL DESCRIPTION | |
| Dimensions | JN26634 |
| 510 ## - CITATION/REFERENCES NOTE | |
| Name of source | DVD : Open sSUSE 12.2 A linux based complete operating sysem that can be used across a range of desktops and servers.The new version 3.4 and accelerated functions in glibc and Qt.to provide users with a more fluid and responsive desktop. |
| 650 ## - SUBJECT ADDED ENTRY--TOPICAL TERM | |
| Topical term or geographic name entry element | Computer Science |
| 650 ## - SUBJECT ADDED ENTRY--TOPICAL TERM | |
| Topical term or geographic name entry element | Linux,(2004,-,Computer Science |
| 942 ## - ADDED ENTRY ELEMENTS (KOHA) | |
| Koha item type | Compact Disks |
| Date last seen | Total checkouts | Accession number | Volume/Issue Number | Price effective from | Category | Lost status | Damaged status | Department | Withdrawn status | Home library | Current library | Shelving location | Entry date | Vendor | Grants | Billdate | Currency symbol | Conversion rate | Discount | Old discount |
|---|---|---|---|---|---|---|---|---|---|---|---|---|---|---|---|---|---|---|---|---|
| 26/01/2024 | CD5955 | 10(8) | 26/01/2024 | Compact Disks | Central Library | Central Library | Central Library | Surya Infotainment Products Pvt. Ltd. | CS | 15/12/2017 | RS | 1 |
